000 00768cam a2200241 u 4500
003 UPN
005 20240113063552.0
008 190820s2011 mx frg f000 0 spa d
035 _aUPN01000232180
040 _aMX-MxUPN
_bspa
_cMX-MxUPN
049 _aCG
050 4 _aLB1626
_bA28 2011
245 0 0 _aAcuerdo por el que se establece la articulación de la educación básica.
260 _aMéxico, D.F. :
_bSEP, Subsecretaría de Educación Básica ,
_c2011.
300 _a630 páginas
490 0 _aReforma integral de la educación básica
650 0 _aArticulación (Educación)
_zMéxico
_925628
650 4 _aEducación básica
_zMéxico
_921103
902 _bVíctorGodínez/161122/M
905 _aLibro
942 _2lcc
_cLIBRO
999 _c204275
_d204275